000 00663nam a22002295i 4500
001 81437
003 ES-MaACL
005 20250716062622.0
007 t|
008 041104s1955 sp ||||0| spa d
040 _aM-BN
_bspa
_cM-BN
100 1 _aHugo, Victor,
_d1802-1885
_964627
245 1 0 _aPoesías /
_cVictor Hugo ; selección, traducción y prólogo de Luis Guarner.
260 _aBarcelona :
_bFama,
_c[1955]
300 _a134 p. ;
_c16 cm.
490 1 _aSerie poética Fama
700 1 _aGuarner, Luis.
_960341
830 0 _aSerie poética Fama
_9180944
852 _aES-MaACL
_jC-10800
_bR.38058
999 _c81437
_d81437